Data Mining The Textbook

Sách do giáo viên cung cấp

Spremljeno u:
Bibliografski detalji
Glavni autor: Aggarwal, Charu C
Format: Knjiga
Jezik:Undetermined
Izdano: Springer 2015
Teme:
Online pristup:http://lrc.tdmu.edu.vn/opac/search/detail.asp?aID=2&ID=39092
Oznake: Dodaj oznaku
Bez oznaka, Budi prvi tko označuje ovaj zapis!
Thư viện lưu trữ: Trung tâm Học liệu Trường Đại học Thủ Dầu Một
LEADER 00643nam a2200193Ia 4500
001 TDMU_39092
008 210410s9999 xx 000 0 und d
082 |a 658.8 
100 |a Aggarwal, Charu C 
245 0 |a Data Mining 
245 4 |b The Textbook 
245 0 |c Charu C. Aggarwal 
260 |b Springer 
260 |c 2015 
300 |a 734Pages 
520 |a Sách do giáo viên cung cấp 
650 |a Computer data  |x Data Mining; Dữ liệu máy tính  |x Khai thác dữ liệu 
856 |u http://lrc.tdmu.edu.vn/opac/search/detail.asp?aID=2&ID=39092 
980 |a Trung tâm Học liệu Trường Đại học Thủ Dầu Một